000 00505nam a22001817a 4500
003 OSt
005 20180116183007.0
008 150810b xxu||||| |||| 00| 0 eng d
020 _a9780071321099
040 _c0
082 _a650.072 PAG 2011
100 _aCarole Page
245 _aApplied Research Design For Business and Management
_cCarole Page
260 _aIndia
_bMcGraw HIll
_c2011
300 _a331 p.
_bPB
440 _aApplied Research Design For Business and Management
942 _2ddc
_cBK
999 _c350085
_d350085